LIBRARY & INFORMATION CENTRE, KCAET, TAVANUR

ONLINE PUBLIC ACCESS CATALOGUE (OPAC)

Soil Conservation (Record no. 14540)

MARC details
000 -LEADER
fixed length control field 00269nam a22001217a 4500
020 ## - INTERNATIONAL STANDARD BOOK NUMBER
ISBN 9789382036647
082 ## - DEWEY DECIMAL CLASSIFICATION NUMBER
Classification number 631.4
Item number THA/SO
100 ## - MAIN ENTRY--AUTHOR NAME
Personal name Thakore,Sanat
245 ## - TITLE STATEMENT
Title Soil Conservation
260 ## - PUBLICATION, DISTRIBUTION, ETC. (IMPRINT)
Place of publication New Delhi
Name of publisher Black Prints
Year of publication 2014
300 ## - PHYSICAL DESCRIPTION
Number of Pages 288
942 ## - ADDED ENTRY ELEMENTS (KOHA)
Koha item type Books
Holdings
Withdrawn status Lost status Damaged status Collection code Home library Current library Shelving location Date acquired Source of acquisition Cost, normal purchase price Full call number Accession Number Koha item type
        KAUAET KAUAET General Stacks 15/07/2016 Southern Book Stall, Tvm 895.00 631.4 THA/SO 24555 Books
free website counter